Univerzitné a vysokoškolské časopisy vo fonde SEK I.
Prvá časť zoznamu časopisov, ktoré vydávajú vysoké školy a univerzity v Čechách a na Slovensku v abecednom radení. Informácia o spôsobe sprístupnenia.
Saved in:
| Main Author: | |
|---|---|
| Format: | Book Chapter |
| Language: | Slovak |
| Subjects: | |
| Tags: |
No Tags, Be the first to tag this record!
|
MARC
| LEADER | 00000naa$a2200000$$$4500 | ||
|---|---|---|---|
| 001 | 0020418 | ||
| 005 | 20240502071411.0 | ||
| 041 | 0 | |a slo | |
| 044 | |a SK | ||
| 245 | 1 | 0 | |a Univerzitné a vysokoškolské časopisy vo fonde SEK I. |c Leokádia Modrovská |
| 520 | |a Prvá časť zoznamu časopisov, ktoré vydávajú vysoké školy a univerzity v Čechách a na Slovensku v abecednom radení. Informácia o spôsobe sprístupnenia. | ||
| 610 | 2 | 0 | |a knihovníctvo |
| 610 | 2 | 0 | |a časopisy |
| 610 | 2 | 0 | |a školy vysoké |
| 610 | 2 | 0 | |a vzdelávanie vysokoškolské |
| 610 | 2 | 0 | |a veda ekonomická |
| 610 | 2 | 0 | |a Slovensko |
| 610 | 2 | 0 | |a Česko |
| 100 | 1 | |a Modrovská, Leokádia | |